Statystyki dla Państwa członkowskie NATO.

Kliknij tutaj aby rozwiązać quiz!

Ogólne statystyki

  • Ten quiz został rozwiązany 9 443 razy
    (9 423 od ostatniego zresetowania)
  • Średni wynik to 23 z 29

Statystyki odpowiedzi

Odpowiedź% Poprawnych
Polska
99%
Niemcy
95%
Stany Zjednoczone
93%
Francja
92%
Hiszpania
91%
Czechy
88%
Portugalia
87%
Wielka Brytania
87%
Litwa
86%
Słowacja
86%
Łotwa
85%
Włochy
84%
Estonia
83%
Norwegia
83%
Belgia
82%
Kanada
82%
Holandia
80%
Chorwacja
77%
Dania
77%
Słowenia
77%
Grecja
76%
Węgry
75%
Rumunia
73%
Turcja
71%
Bułgaria
70%
Luksemburg
69%
Albania
66%
Islandia
63%
Czarnogóra
58%

Rozkład punktacji

Percentyl według liczby udzielonych odpowiedzi

Procent ludzi z każdym wynikiem

Twoja historia wyników

Nie rozwiązałeś tego quizu od ostatniego zresetowania